[Event "38th IND-chT 2018"]
[Site "Patia"]
[Date "2018.02.10"]
[Round "4"]
[White "Shyam, Sundar M."]
[Black "Panda, Sambit"]
[Result "1/2-1/2"]
[WhiteElo "2521"]
[BlackElo "2085"]
[Annotator "TA"]
[PlyCount "95"]
[EventDate "2018.??.??"]
[EventType "team-tourn"]
[EventCountry "IND"]
[SourceTitle "playchess.com"]
[Source "ChessBase"]
[SourceQuality "1"]

{[%evp 18,95,30,28,41,33,57,33,39,47,49,48,43,37,68,79,75,3,58,48,49,13,37,14,41,0,19,-15,0,-10,0,-70,-31,-134,-92,-308,-306,-304,-296,-295,-252,-218,-135,-134,-125,-127,-141,-220,0,-224,-225,-231,-224,-256,-252,-291,-261,-289,-229,-230,-191,-274,-248,-282,0,-265,0,-266,-222,-232,-224,-259,-227,-302,-302,-289,0,-212,0,-279]} 1. e4 c6 2. d4 d5 3. exd5 cxd5 4. Bf4 Nc6 5. c3 Nf6 6. Nd2 Bg4 7. Qb3 Qd7 8. Ngf3 a6 9. Bd3 e6 10. O-O Bh5 {B13: Caro-Kann: Exchange Variation and Panov-Botvinnik Attack} 11. Ne5 Qc8 12. Nxc6 $146 (12. h3 {looks sharper.} Nxe5 13. Bxe5 Be7 14. Rac1 Qd7 15. c4) ({Predecessor:} 12. Bg3 Nxe5 13. Bxe5 Bg6 14. Bxg6 hxg6 15. c4 Qd7 16. Rac1 Bd6 17. Nf3 {½-½ (17) Pucelj,J (2428)-Beletic,D Skofja Loka 1998}) 12... Qxc6 {White is slightly better.} 13. c4 {[%cal Bc3c4,Bc4c5][%mdl 32]} Be7 14. c5 O-O 15. Qc2 b6 {[%cal Rb6c5]} 16. b4 $1 Bg6 17. Nb3 (17. Bxg6 $16 fxg6 18. a4) 17... Nd7 (17... Qa4 $11) 18. a4 $14 bxc5 19. dxc5 e5 20. Bxg6 hxg6 21. Bd2 Rfc8 22. Rfc1 (22. Na5 $5 {[%cal Ra5c6]} Qc7 23. Qd3 $14) 22... Bf6 23. Bc3 d4 $36 {[%mdl 2048] Black is pushing.} 24. Bb2 ({White should play} 24. Bd2 $11) 24... Rab8 25. Qd2 (25. Qc4 $1 $15) 25... Qd5 26. Ra3 $2 {[#]} (26. Na5 $17 {was forced.}) 26... Nf8 $19 27. Na5 Ne6 {...Bg5 is the strong threat.} 28. Rg3 e4 29. Nc4 {White wants to play Nb6.} Bg5 30. Rxg5 Qxg5 ({Not} 30... Nxg5 31. Nb6 $14) 31. Qxg5 Nxg5 32. Nb6 (32. Nd6 $17 Rxb4 33. Ba3 Rxa4 34. Nxc8 Rxa3 35. Ne7+ Kh7 36. Nd5) 32... Rc6 $2 {[#]} ({Black should try} 32... Rd8 $19 {Strongly threatening ...Ne6.} 33. a5 Rb7) 33. a5 $2 (33. Nd5 $11 {and White is okay.} Kf8 34. Bxd4) 33... Ne6 34. Kf1 Rd8 35. Ra1 Nc7 36. h4 Nb5 37. Ke2 f5 38. g3 Kf7 39. Rc1 (39. Bc1 {was worth a try.}) 39... Ke6 40. Rd1 Kf7 41. Rc1 $1 Ke6 42. Rd1 $1 Ke7 43. Rc1 Kf6 44. Nc4 Ke6 45. Nb6 Rc7 46. Rd1 Rc6 47. Rc1 $1 Rc7 48. Rd1 $1 {[%mdl 32768] Precision: White = 33%, Black = 43%. . An unexpected result.} 1/2-1/2

[Event "38th IND-chT 2018"]
[Site "Patia"]
[Date "2018.02.10"]
[Round "4"]
[White "Deepan Chakkravarthy J."]
[Black "Nitin, S."]
[Result "1/2-1/2"]
[WhiteElo "2516"]
[BlackElo "2402"]
[Annotator "TA"]
[PlyCount "139"]
[EventDate "2018.??.??"]
[EventType "team-tourn"]
[EventCountry "IND"]
[SourceTitle "playchess.com"]
[Source "ChessBase"]
[SourceQuality "1"]

{[%evp 21,139,11,29,0,0,-7,0,0,-21,-10,-5,-29,-23,-47,-39,-23,-16,-8,-13,-45,-37,-37,-36,-22,0,-39,0,-36,-24,-50,-54,-62,-60,-49,-61,-91,-16,-16,-22,-17,-22,-20,-10,-43,0,-2,0,0,0,0,0,0,0,0,0,0,0,0,0,0,0,0,0,0,0,0,0,0,0,0,0,0,0,0,0,0,0,0,0,0,0,0,0,0,0,0,0,0,0,0,0,0,40,74,43,0,0,0,0,0,0,0,0,0,0,0,0,0,0,0,0,0,0,0,0,0,0,0,0,0]} 1. e4 c5 2. Nf3 d6 3. d4 cxd4 4. Nxd4 Nf6 5. Nc3 a6 6. Be2 e5 7. Nb3 Be7 8. O-O O-O 9. Kh1 b5 10. a4 b4 11. Nd5 Bb7 {LiveBook: 41 Games} 12. Nxb4 {B92: Sicilian Najdorf: 6 Be2} (12. Nxe7+ Qxe7 13. f3 d5 14. exd5 Bxd5 15. Qe1 Nc6 16. Be3 Rfc8 17. Rc1 h6 18. Qf2 Nd8 19. Rfd1 Rxc2 20. Rxc2 Bxb3 {1-0 (36) Jansa,V (2440)-Votava,J (2526) Czechia 2015}) 12... Bxe4 $146 ({Predecessor:} 12... Nxe4 13. Nd5 Nf6 14. Nxe7+ Qxe7 15. Na5 Be4 16. Bg5 h6 17. Bh4 Nc6 18. f3 Nxa5 19. Bxf6 Qxf6 20. fxe4 {½-½ (46) Klima,L (2285)-Rachela,M (2130) Pardubice 1998}) 13. Bg5 Nbd7 14. Bf3 Bxf3 15. Qxf3 e4 16. Qh3 Qb6 17. Na2 d5 18. Nc3 Qe6 19. Rad1 Rfe8 20. Nd4 (20. Qg3 {is more complex.} Bd6 21. f4 Rac8 22. f5 Qe7 23. Qh3) 20... Qxh3 21. gxh3 h6 22. Be3 Bb4 23. Nce2 Ne5 24. Rg1 Kh7 ({But not} 24... Nf3 $6 25. Nxf3 exf3 26. Nd4 $14) 25. Nf5 Bf8 26. Bd4 Nf3 27. Rgf1 Nxd4 28. Nexd4 Nh5 (28... Rab8 $17 29. b3 Bc5) 29. Ne2 $1 $11 Re5 30. Ne3 Rb8 31. b3 Nf6 32. Rd2 Rc8 33. c3 a5 34. Rb1 Bc5 35. b4 $1 {[%cal Rb4c5]} Bb6 36. bxa5 Bxa5 37. Rb5 Bxc3 38. Rc2 Ree8 39. Rxc3 Rxc3 40. Nxc3 d4 41. Ncd5 dxe3 42. Nxf6+ gxf6 43. fxe3 {[%mdl 4096] Endgame KR-KR} Rd8 44. Kg2 Rd3 45. Kf2 Ra3 46. a5 Kg6 47. h4 h5 48. Rc5 Kh6 49. Rd5 Kg6 50. Rb5 Kh6 51. Kg3 {Strongly threatening Kf4.} Rxe3+ 52. Kf4 Re1 53. a6 {[#] And now Ra5 would win.} Ra1 54. Rb6 Kg6 55. Kxe4 Ra5 56. Rd6 Ra4+ 57. Kd5 {[#] aiming for Kc5.} Rxh4 58. Kc6 Rxh2 {The position is equal.} 59. a7 Ra2 60. Kb7 {Black must now prevent Ra6.} Rxa7+ $1 61. Kxa7 {KR-K3P} Kg5 62. Kb6 {Hoping for Kc5.} h4 63. Kc5 {Threatens to win with Rd8.} h3 64. Rd8 Kg4 65. Rh8 Kg3 66. Kd4 h2 67. Ke3 Kg2 68. Ke2 {Rg8+ is the strong threat.} h1=Q 69. Rg8+ Kh3 $1 ({Avoid the trap} 69... Kh2 $2 70. Kf2 $18) 70. Rh8+ {Precision: White = 65%, Black = 73%.} 1/2-1/2

[Event "38th IND-chT 2018"]
[Site "Patia"]
[Date "2018.02.10"]
[Round "4"]
[White "Stany, G.A."]
[Black "Baivab, Mishra"]
[Result "1-0"]
[WhiteElo "2500"]
[BlackElo "2139"]
[Annotator "TA"]
[PlyCount "119"]
[EventDate "2018.??.??"]
[EventType "team-tourn"]
[EventCountry "IND"]
[SourceTitle "playchess.com"]
[Source "ChessBase"]
[SourceQuality "1"]

{[%evp 24,119,28,25,48,50,100,102,95,97,150,150,147,145,151,150,150,160,162,156,158,149,158,136,166,160,197,179,213,214,204,194,201,200,215,209,221,196,210,195,192,181,205,163,214,214,215,216,227,225,218,152,149,149,235,234,226,210,284,279,269,270,324,324,324,320,395,390,486,472,440,454,510,544,520,512,793,785,752,733,693,668,654,646,1111,968,1270,1113,1433,1451,1738,1388,2582,2517,5916,4320,12840,12840]} 1. e4 e5 2. Nf3 Nc6 3. Bb5 Nf6 4. Nc3 Bb4 5. O-O O-O 6. d3 Bxc3 7. bxc3 d6 8. Bg5 h6 9. Bh4 Bd7 10. Rb1 a6 {C49: Four Knights: 4 Bb5 Bb4} 11. Ba4 b5 12. Bb3 Na5 (12... Qe7 13. Re1 Rad8 14. h3 Kh7 15. Qc1 Rg8 16. d4 Rde8 17. Qd2 Bc8 {½-½ (42) Grandelius,N (2644)-Hansen,S (2566) Reykjavik 2015}) 13. d4 {LiveBook: 3 Games} Bg4 14. dxe5 g5 $146 ({Predecessor:} 14... Bxf3 15. Qxf3 dxe5 16. Rbd1 Qe7 17. Bxf6 Qxf6 18. Qxf6 gxf6 {½-½ (42) Shvayger,Y (2416)-Severina,M (2326) Kavala 2016}) 15. exf6 {Black must now prevent h3.} gxh4 16. h3 Bh5 ({Black should try} 16... Nxb3 17. cxb3 (17. hxg4 Nc5 $14) (17. axb3 Bh5 $16) 17... Bh5) 17. Qd5 $1 $16 {[%cal Rd5h5]} Bxf3 {[#]} 18. Qf5 $1 {[%cal Rf5g6] White threatens Qg6+ and mate.} Nxb3 19. Qxf3 {Qg4+ would kill now.} Kh8 20. Qf4 Kh7 21. cxb3 Rg8 22. Qxh4 Rg6 23. Rbd1 Rxf6 24. Rd5 Qh8 25. e5 Rg6 26. exd6 cxd6 27. Qe4 Re8 28. Qd3 Qf6 29. Rd1 Re6 30. g3 Kg8 31. Kg2 Qe7 32. Rd2 Re1 33. Rf5 ({And not} 33. Rxd6 Rxd6 34. Qxd6 Qe4+ 35. f3 Re2+ 36. Rxe2 Qxe2+ 37. Kh1 Qxf3+ 38. Kh2 Qf2+ 39. Kh1 Qf3+ 40. Kh2 Qf2+ 41. Kh1 Qf1+ 42. Kh2 Qf2+ $11) 33... Rc1 (33... Re5 $142 34. Rf4 Kg7) 34. Re2 $18 Qb7+ 35. Qf3 Qxf3+ 36. Rxf3 {[%mdl 4096] Endgame KRR-KRR} Kg7 37. Rd3 d5 38. Red2 Rc6 (38... Rf6 $16 {was called for.} 39. Rxd5 Rxc3) 39. Rxd5 R1xc3 {[#]} 40. Rf5 $1 Rc7 41. Rd6 R3c6 42. Rff6 $1 Rxd6 43. Rxd6 {KR-KR} Ra7 44. Rb6 h5 45. h4 f6 46. Kf3 {White is clearly winning.} Kg6 47. Kf4 a5 48. Rxb5 a4 49. b4 a3 (49... Re7 $142 50. Kf3 Rd7) 50. Ra5 Rc7 51. Rxa3 Rc4+ 52. Ke3 Rxb4 53. Ra8 Rb2 54. a4 {[%cal Ba2a4,Ba4a5,Ba5a6][%mdl 32]} Ra2 55. a5 Ra3+ 56. Ke4 Ra4+ 57. Kd5 Kg7 58. a6 Ra2 59. Kc6 Rxf2 60. Rb8 {Precision: White = 92%, Black = 25%.} 1-0

[Event "38th IND-chT 2018"]
[Site "Patia"]
[Date "2018.02.10"]
[Round "4"]
[White "Laxman, R.R."]
[Black "Karthikeyan, P.."]
[Result "1/2-1/2"]
[WhiteElo "2456"]
[BlackElo "2464"]
[Annotator "TA"]
[PlyCount "33"]
[EventDate "2018.??.??"]
[EventType "team-tourn"]
[EventCountry "IND"]
[SourceTitle "playchess.com"]
[Source "ChessBase"]
[SourceQuality "1"]

{[%evp 17,33,19,29,0,23,25,6,0,40,45,79,75,87,0,10,0,0,0]} 1. d4 Nf6 2. Nf3 g6 3. c4 Bg7 4. Nc3 O-O 5. Bg5 d6 6. e3 h6 7. Bh4 c5 8. Be2 g5 9. Bg3 Nh5 10. d5 {E61: King's Indian: Early deviations for White, including Smyslov System} f5 11. Nd2 (11. Qc2 Qe8 12. Rd1 a6 13. Nd2 Nd7 14. O-O Ndf6 15. Rfe1 Qf7 16. Nf1 Bd7 17. f4 Ng4 18. Bxg4 fxg4 19. fxg5 hxg5 {0-1 (34) Tomashevsky,E (2733)-Ding,L (2680) St Petersburg 2012}) 11... Nxg3 12. hxg3 Nd7 13. Qc2 Nf6 14. O-O-O $146 ({Predecessor:} 14. Rd1 e6 15. dxe6 Bxe6 16. Bf3 Qe7 17. O-O {1-0 (38) Hillarp Persson,T (2491)-Nithander,V (2319) Vaxjo 2008}) 14... a6 {[#]} 15. e4 (15. f3 $1 $16) 15... Ng4 16. Bxg4 fxg4 17. Nf1 1/2-1/2

[Event "38th IND-chT 2018"]
[Site "Patia"]
[Date "2018.02.10"]
[Round "4"]
[White "Swayams, Mishra"]
[Black "Adhiban, B.."]
[Result "1/2-1/2"]
[WhiteElo "2439"]
[BlackElo "2643"]
[Annotator "TA"]
[PlyCount "72"]
[EventDate "2018.??.??"]
[EventType "team-tourn"]
[EventCountry "IND"]
[SourceTitle "playchess.com"]
[Source "ChessBase"]
[SourceQuality "1"]

{[%evp 21,72,7,12,12,15,0,0,7,8,-14,-20,-14,-28,-16,-4,-9,-6,-16,-7,-19,-11,-20,-17,-29,-8,-8,-6,-20,-17,-18,-18,-21,0,0,24,16,16,14,14,14,20,27,82,104,62,0,0,0,0,0,0,0,0]} 1. d4 Nf6 2. Nf3 d6 3. Bf4 g6 4. e3 Bg7 5. Be2 O-O 6. O-O b6 7. a4 a6 8. h3 Bb7 9. Nbd2 {A48: 1 d4 Nf6 2 Nf3 g6: Torre, London and Colle Systems} Nbd7 10. Bh2 Ne4 11. Nxe4 Bxe4 {LiveBook: 5 Games} 12. Nd2 Bb7 13. Bf3 Qc8 14. c3 $146 ({Predecessor:} 14. Bxb7 Qxb7 15. Qf3 Rab8 16. Qxb7 Rxb7 {½-½ (52) Dhulipalla,B (2316)-Adhiban,B (2666) Lucknow 2016}) 14... c5 15. Bxb7 Qxb7 16. Qf3 Qxf3 17. Nxf3 b5 18. axb5 axb5 19. Rfb1 Nb6 20. Kf1 Nc4 21. b3 Nb6 22. e4 Rfc8 23. Rxa8 Rxa8 24. dxc5 dxc5 25. Bc7 Nd7 26. c4 b4 27. Rd1 $36 {[%mdl 2048] White has good play.} Nf6 28. e5 Ne4 29. Rd8+ Rxd8 30. Bxd8 $11 {[%mdl 4096] Endgame KBN-KBN} Kf8 31. Ke2 Bh6 (31... Ke8 $11 32. Bb6 Bh6) 32. Bb6 $16 Ke8 33. Kd3 (33. e6 $14) 33... Nxf2+ $11 {The position is equal.} 34. Ke2 $1 {[%cal Re2f2]} Ne4 35. Kd3 Nf2+ 36. Ke2 $1 {[%cal Re2f2]} Ne4 {Precision: White = 64%, Black = 47%.} 1/2-1/2

[Event "38th IND-chT 2018"]
[Site "Patia"]
[Date "2018.02.10"]
[Round "4"]
[White "Satyapragyan, Swayangsu"]
[Black "Karthikeyan, Murali"]
[Result "0-1"]
[WhiteElo "2398"]
[BlackElo "2585"]
[Annotator "TA"]
[PlyCount "104"]
[EventDate "2018.??.??"]
[EventType "team-tourn"]
[EventCountry "IND"]
[SourceTitle "playchess.com"]
[Source "ChessBase"]
[SourceQuality "1"]

{[%evp 17,104,46,57,27,37,28,75,64,70,63,85,85,85,83,80,53,62,50,71,62,55,45,25,19,33,0,20,20,26,20,20,23,23,23,21,20,11,10,10,14,14,16,18,10,13,8,8,8,8,8,8,10,14,12,45,41,41,41,35,8,8,-18,-7,-45,-20,-27,-28,-54,-53,-79,-79,-79,-79,-1622,-1643,-7794,-7787,-7787,-7772,-7772,-7724,-7597,-7589,-7307,-6759,-6744,-6737,-6730,-6730]} 1. e4 c5 2. Nf3 e6 3. d4 cxd4 4. Nxd4 a6 5. Bd3 Nf6 6. O-O d6 7. c4 Nc6 8. Nxc6 {B42: Sicilian: Kan Variation: 5 Bd3} (8. Be3 Ne5 9. Nc3 Nxd3 10. Qxd3 Be7 11. h3 O-O 12. a4 Bd7 13. a5 Rc8 14. Rfc1 Qc7 15. b3 Qb8 {1-0 (67) Edouard,R (2622)-Markowski,T (2557) Warsaw 2017}) 8... bxc6 9. Nc3 Be7 {LiveBook: 10 Games} 10. f4 {White is slightly better.} e5 11. Kh1 h5 $146 ({Predecessor:} 11... O-O 12. f5 Bb7 13. Bg5 h6 14. Be3 {0-1 (31) Sleisz,T (2265)-Izsak,G (2400) Budapest 1997}) 12. f5 h4 13. Qf3 Nh5 14. Rd1 Rb8 15. b3 Bb7 16. Be3 Bg5 17. Rd2 Rh6 18. Rad1 c5 19. Bc2 Bxe3 20. Qxe3 Nf4 21. Ne2 Qg5 {[%csl Gf4][%cal Rg5g2]} 22. Nxf4 exf4 23. Qh3 Kf8 $1 24. Rf2 Re8 25. Qf3 h3 26. Qxf4 hxg2+ 27. Kg1 Qxf4 28. Rxf4 Ke7 29. Rg4 Reh8 30. Rxg2 g6 31. fxg6 (31. Rgd2 {with more complications.} gxf5 32. exf5 Rg8+ 33. Kf1 Rgh8 34. Re1+) 31... Rxg6 32. Rxg6 fxg6 $11 {[%mdl 4096] Endgame KRB-KRB} 33. Rd3 g5 34. Rg3 Kf6 35. Rf3+ Ke5 36. Rf5+ Kd4 37. Rxg5 Kc3 38. Rg7 Bc6 39. Bd1 Bxe4 40. Bg4 Kb2 41. Ra7 Kxa2 42. Rxa6+ Kxb3 43. Rxd6 Rg8 44. h3 {[#]} Bf5 $1 45. Kf2 $2 {[%mdl 8192]} (45. Rd5 $17 Bxg4 46. Rxc5) 45... Bxg4 $19 {Black is clearly winning.} 46. hxg4 Rxg4 {KR-KR} 47. Ke3 Kxc4 48. Rd8 Rg2 49. Rc8 Rc2 50. Rd8 Kb3 51. Rb8+ {[#]} Kc3 $1 52. Ra8 c4 {Precision: White = 39%, Black = 80%.} 0-1

[Event "38th IND-chT 2018"]
[Site "Patia"]
[Date "2018.02.10"]
[Round "4"]
[White "Shyaamnikhil, P."]
[Black "Thejkumar, M.S."]
[Result "1/2-1/2"]
[WhiteElo "2394"]
[BlackElo "2500"]
[Annotator "TA"]
[PlyCount "85"]
[EventDate "2018.??.??"]
[EventType "team-tourn"]
[EventCountry "IND"]
[SourceTitle "playchess.com"]
[Source "ChessBase"]
[SourceQuality "1"]

{[%evp 16,85,12,0,0,0,0,0,0,-14,-12,-8,-16,-16,-14,-23,13,4,23,15,11,0,0,0,8,0,25,0,10,10,7,14,9,0,4,6,22,27,37,0,0,0,0,0,0,0,0,0,0,0,0,0,10,0,0,0,0,0,0,0,6,7,8,0,0,0,8,0,0,0,6,0]} 1. e4 {[%cal Be2e4,Be4e5][%mdl 32]} c6 2. d4 d5 3. e5 Bf5 4. h4 h5 5. Bd3 Bxd3 6. Qxd3 {B12: Caro-Kann: Advance Variation} Qa5+ (6... e6 7. Bg5 Be7 8. Nf3 c5 9. dxc5 Nd7 10. b4 Bxg5 11. hxg5 Ne7 12. Nc3 a5 13. Nb5 axb4 14. Nd6+ Kf8 {½-½ (52) Nepomniachtchi,I (2729)-Laznicka,V (2647) Riadh 2017}) 7. Nd2 e6 8. Ngf3 Qa6 9. c4 {LiveBook: 15 Games} Nd7 10. b3 Nh6 11. Qc3 Nf5 12. O-O Be7 13. g3 $146 O-O 14. c5 b6 {[%cal Rb6c5]} 15. b4 $1 bxc5 16. bxc5 Bd8 17. Nb3 Bc7 18. Ng5 Qc4 19. Bb2 {With the idea Qxc4.} Qxc3 20. Bxc3 Rfb8 21. Rab1 Rb7 22. Na1 Rab8 23. Rxb7 Rxb7 24. Nc2 Bd8 25. Kg2 Bxg5 26. hxg5 Kh7 27. f3 Kg6 {The position is equal.} 28. g4 Ne7 29. gxh5+ Kxh5 30. f4 Nf5 31. Kf3 Kg6 32. Rd1 Rb8 33. Rh1 Rb5 34. Na3 Rb8 35. Nc2 Rb5 36. Na3 Rb8 37. Nc2 f6 38. gxf6 gxf6 39. Rg1+ Kf7 40. Rh1 Kg6 41. Rg1+ Kf7 42. Rh1 Kg6 43. Rg1+ {Precision: White = 66%, Black = 71%.} 1/2-1/2

[Event "38th IND-chT 2018"]
[Site "Patia"]
[Date "2018.02.10"]
[Round "4"]
[White "Nayak, Rajesh"]
[Black "Rajesh, V A V"]
[Result "0-1"]
[WhiteElo "2263"]
[BlackElo "2315"]
[Annotator "TA"]
[PlyCount "98"]
[EventDate "2018.??.??"]
[EventType "team-tourn"]
[EventCountry "IND"]
[SourceTitle "playchess.com"]
[Source "ChessBase"]
[SourceQuality "1"]

{[%evp 27,98,23,27,-29,0,-25,-25,-35,-19,-33,-34,-56,-27,-71,-42,-57,-66,-113,-111,-117,-34,-92,-92,-122,-130,-139,-18,-16,-17,-25,144,-12,-12,-12,-12,-14,-14,-14,-14,-13,-12,-18,0,0,-10,-87,0,0,-1,-12,0,0,0,0,0,0,0,0,0,-1711,-675,-2041,-1968,-1960,-1462,-2001,-1829,-2066,-2031,-12840,-1962,-12846,-12847]} 1. e4 e5 2. Nf3 Nc6 3. Bb5 a6 4. Ba4 d6 5. c3 Bd7 6. O-O g6 7. d4 Bg7 8. d5 Nce7 9. Bxd7+ Qxd7 10. c4 h6 {C76: Ruy Lopez: Deferred Steinitz: 5 c3 Bd7 6 d4 g6} 11. Ne1 f5 12. f3 Nf6 13. Nc3 O-O 14. Nd3 Rf7 {LiveBook: 9 Games} 15. c5 ({Better is} 15. a4) 15... c6 $11 {[%cal Rc6d5]} 16. dxc6 Nxc6 {[#]} 17. cxd6 $146 ({Predecessor:} 17. Be3 d5 18. exd5 Nxd5 19. Nxe5 Nxe3 20. Qxd7 Rxd7 21. Nxd7 {½-½ (56) Kurnosov,I (2663)-Ivanchuk,V (2769) Astana 2012}) 17... Qxd6 18. Be3 Rd8 19. Nc5 Nd4 $36 {[%mdl 2048] Black is pushing.} 20. b4 {[#]} a5 $1 {[%mdl 512]} 21. a3 (21. bxa5 Qxc5) 21... b6 22. N5a4 axb4 23. axb4 Qxb4 (23... fxe4 $17 24. Nxe4 Nxe4 25. fxe4 Rxf1+ 26. Qxf1 Qc6 27. Bxd4 exd4) 24. Rb1 (24. exf5 $1 $15 gxf5 25. Rb1) 24... Qc4 $17 {aiming for ...fxe4.} 25. Rxb6 fxe4 $1 26. fxe4 {[#]} Ng4 $1 {[%mdl 512]} 27. Rxf7 $11 (27. Qxg4 Rxf1#) 27... Nxe3 28. Qe1 $1 Ndc2 $2 {[#]} (28... Qxf7 $11 29. Qxe3 Rc8) 29. Rxg7+ $2 ({White has to play} 29. Qh4 $1 $16 {[%cal Rh4d8]} Rd7 30. Rf3) 29... Kxg7 30. Qf2 $1 {[%cal Rf2f6] Qf6+ would kill now.} Ng4 31. Rb7+ Kh8 32. Qa7 {Intending Rh7+ and mate.} ({Avoid the trap} 32. Qxc2 $2 Qd4+ 33. Kh1 Nf2+ 34. Qxf2 Qxf2 $19) 32... Qd4+ 33. Qxd4 exd4 34. Nd5 {And now h3 would win.} Nce3 35. Nf4 Ra8 36. Nxg6+ Kg8 37. h3 $1 Rxa4 38. hxg4 {[%mdl 4096] Endgame KRN-KRN} d3 39. Rd7 Nxg4 {[%cal Ra4a1]} 40. g3 $1 Ra6 41. Nf4 Ra1+ 42. Kg2 Ra2+ 43. Kh3 $2 {[%mdl 8192]} (43. Kf1 $11) 43... Nf2+ $19 {Black is clearly winning.} 44. Kh4 d2 45. Nd5 Nxe4 ({Weaker is} 45... d1=Q 46. Nf6+ Kf8 47. Nh7+ Kg8 48. Nf6+ Kf8 49. Nh7+ Kg8 50. Nf6+ $11) 46. Ne3 Ra3 47. Nf1 Ra4 {( -> ...Nd6+)} 48. g4 {[#]} Ra1 $1 {[%cal Ra1f1]} 49. Rxd2 Rxf1 {Precision: White = 40%, Black = 58%.} 0-1

[Event "38th IND-chT 2018"]
[Site "Patia"]
[Date "2018.02.10"]
[Round "4"]
[White "Rakesh, Kumar Nayak"]
[Black "Narayanan, S.L."]
[Result "0-1"]
[WhiteElo "2047"]
[BlackElo "2573"]
[Annotator "TA"]
[PlyCount "68"]
[EventDate "2018.??.??"]
[EventType "team-tourn"]
[EventCountry "IND"]
[SourceTitle "playchess.com"]
[Source "ChessBase"]
[SourceQuality "1"]

{[%evp 10,68,18,13,15,14,16,11,13,5,20,-10,-16,-16,-1,0,0,-24,-17,-16,3,-14,-10,-13,-9,-10,-11,-16,-10,-25,-18,-20,-10,-31,-31,-36,-33,-41,-44,-33,0,0,0,0,0,0,0,0,0,0,0,0,-2,-64,-49,-44,-43,-245,-238,-634,-621]} 1. Nf3 d5 2. b3 Bg4 3. Bb2 Bxf3 4. exf3 e6 5. g3 Nf6 (5... Nd7 6. f4 c6 7. Bg2 Ngf6 8. O-O g6 9. d4 Bg7 10. Nd2 O-O 11. c4 {½-½ (42) Anton Guijarro,D (2666)-Ivanchuk,V (2726) Riadh 2017}) 6. Bg2 {LiveBook: 22 Partien. A06: Zukertort-Eröffnung} c5 7. O-O Be7 8. Re1 {Die Stellung ist ausgeglichen.} Nc6 9. f4 O-O 10. Nc3 Rc8 $146 11. Ne2 Ne8 12. Nc1 Bf6 13. Bxf6 Nxf6 14. Nd3 Qb6 15. Ne5 Nxe5 16. fxe5 Nd7 {[%cal Bf6d7,Bd7b8,Bb8c6,Bc6d4,Bd4b5,Bb5c3][%mdl 32]} 17. c4 dxc4 18. bxc4 Qc7 19. Qh5 Rfd8 20. d3 Nb8 21. Be4 g6 22. Qg4 Nc6 23. f4 Nd4 {zielt auf ...Sc2 ab.} 24. Rab1 Rb8 25. h4 b5 26. h5 Qe7 27. cxb5 Nxb5 28. hxg6 fxg6 29. Rb2 {[#] Und Teb1 würde nun gewinnen.} Nc3 30. Rxb8 Rxb8 31. f5 (31. Rc1 $11 Nxa2 32. Rc4) 31... exf5 $15 32. Bxf5 Kg7 33. Be6 $2 (33. Bc8 $15) 33... Rb2 $19 {Und weiter mit ...Db7 wäre nett.} 34. Bc4 $2 {[#]} (34. Rf1 Ne2+ 35. Kh1) 34... Qb7 $1 {Precision: Weiß = 52%, Schwarz = 79%.} ({Und nicht} 34... Qf8 35. Qd7+ Kh8 36. Qf7 $15) 0-1

[Event "38th IND-chT 2018"]
[Site "Patia"]
[Date "2018.02.11"]
[Round "5"]
[White "Adhiban, B.."]
[Black "Laxman, R.R."]
[Result "1-0"]
[WhiteElo "2643"]
[BlackElo "2456"]
[Annotator "TA"]
[PlyCount "63"]
[EventDate "2018.??.??"]
[EventType "team-tourn"]
[EventCountry "IND"]
[SourceTitle "playchess.com"]
[Source "ChessBase"]
[SourceQuality "1"]

{[%evp 14,63,-20,-22,-20,-14,-14,-8,-20,-16,58,57,51,53,127,106,92,17,125,117,120,87,91,106,159,157,224,100,102,108,95,88,90,90,91,93,95,47,52,0,0,0,0,0,0,0,475,477,570,549,717,700]} 1. d4 {[%cal Bd2d4,Bd4d5][%mdl 32]} Nf6 2. c4 e6 3. Nc3 Bb4 4. f3 c5 5. d5 d6 6. e4 b5 {E20: Nimzo-Indian: 4 g3 and 4 f3} (6... O-O 7. Nge2 b5 8. Ng3 exd5 9. cxd5 a6 10. a4 Ba5 11. Be2 Nbd7 12. O-O c4 13. Kh1 Rb8 14. axb5 axb5 15. Nf5 Nc5 16. Rxa5 Qxa5 {1-0 (37) Mamedyarov,S (2772)-Li,R (2577) chess.com INT 2017}) 7. Nge2 bxc4 8. Nf4 {LiveBook: 3 Games} e5 {The position is equal.} 9. Nfe2 Nbd7 10. Ng3 Nb6 11. Be2 g6 $146 (11... Ng8 $11) ({Find the theoretical novelty and annotate with similar games:} 11... O-O 12. Bd2 Ba6 13. O-O Ne8 {½-½ (50) Baron,T (2557)-Ushenina,A (2458) Jerusalem 2016}) 12. O-O $14 Bxc3 13. bxc3 Nfd7 ({Black should play} 13... h6 $14) 14. a4 {[%mdl 1024] White has strong compensation.} a5 15. Rb1 (15. Bh6 $1 $16) 15... f6 (15... h5 $11) 16. Bh6 $16 Qe7 17. Rb5 Ba6 18. Rxa5 Qd8 (18... Ra7 $142 19. Qd2 Nc8) 19. f4 $1 {Nh5! is the strong threat.} exf4 {[#]} (19... Nc8 $16 {was necessary.}) 20. Bxf4 (20. Nh5 $1 $18 {[%mdl 512] is the precise move to win.}) 20... Nc8 21. Rxa6 $1 Rxa6 22. Bxc4 Ra7 {[#]} 23. Bh6 $1 Qe7 24. Bb5 Kd8 25. Qf3 Ncb6 26. Ne2 (26. c4 $14) 26... Re8 $1 $11 27. Nf4 {Black must now prevent Ne6+.} Qxe4 28. Ne6+ Rxe6 $1 29. dxe6 Qxf3 $4 {[%mdl 8192]} (29... Qxe6 $11 {and Black has nothing to worry.} 30. Bf4 Qd5) 30. Rxf3 $18 {White is clearly winning.} Ne5 31. Rxf6 Nd5 {[#]} 32. Bg5 $1 {Precision: White = 61%, Black = 42%.} 1-0